A PRACTICAL BOOK OF HUMAN ANATOMY AND PHYSIOLOGY - I (Record no. 5890)

MARC details
000 -LEADER
fixed length control field 00523nam a22001817a 4500
005 - DATE AND TIME OF LATEST TRANSACTION
control field 20240108161554.0
008 - FIXED-LENGTH DATA ELEMENTS--GENERAL INFORMATION
fixed length control field 190528b xxu||||| |||| 00| 0 eng d
020 ## - INTERNATIONAL STANDARD BOOK NUMBER
ISBN 978-93-86700-35-3
041 ## - LANGUAGE CODE
Language code of text/sound track or separate title eng
082 ## - DEWEY DECIMAL CLASSIFICATION NUMBER
Classification number 612
Item number PRA-P
100 ## - MAIN ENTRY--AUTHOR NAME
Personal name PRASAD, DR MAHESH JHA DR. ANTESH KUMAR AND SRIVASTAV , RITESH KUMAR
245 ## - TITLE STATEMENT
Title A PRACTICAL BOOK OF HUMAN ANATOMY AND PHYSIOLOGY - I
250 ## - EDITION STATEMENT
Edition statement 4th ED. 2019
260 ## - PUBLICATION, DISTRIBUTION, ETC. (IMPRINT)
Place of publication PUNE
Name of publisher NIRALI PRAKASHAN
300 ## - PHYSICAL DESCRIPTION
Number of Pages 15.2 p,
650 ## - SUBJECT ADDED ENTRY--TOPICAL TERM
Topical Term PHARMACY
General subdivision B.PHARMA
942 ## - ADDED ENTRY ELEMENTS (KOHA)
Koha item type Books
Holdings
Lost status Damaged status Collection code Home library Current library Shelving location Date acquired Source of acquisition Cost, normal purchase price Full call number Accession Number Koha item type
    Reference JRU Library JRU Library SHELF 9 - A 28/05/2019 PURCHESS 50.00 612 22833 Books
    PHARMACY JRU Library JRU Library Shelf - 27- G 28/05/2019 PURCHESS 50.00 612 22834 Books
    PHARMACY JRU Library JRU Library Shelf - 27- G 28/05/2019 PURCHESS 50.00 612 22835 Books
    PHARMACY JRU Library JRU Library Shelf - 27- G 10/02/2022 PURCHASE 50.00 612 26340 Books
    PHARMACY JRU Library JRU Library Shelf - 24- C 10/02/2022 PURCHASE 50.00 612 26341 Books
    PHARMACY JRU Library JRU Library Shelf - 24- C 10/02/2022 PURCHASE 50.00 612 26342 Books
    PHARMACY JRU Library JRU Library Shelf - 27- G 10/02/2022 PURCHASE 50.00 612 26343 Books
    PHARMACY JRU Library JRU Library SHELF-40-D 10/02/2022 PURCHASE 50.00 612 26344 Books
    PHARMACY JRU Library JRU Library Shelf - 27- B 10/02/2022 PURCHASE 50.00 612 26345 Books